01554 a2200205 4500999001700000020001800017082002200035100002600057100002100083245005900104250001900163260003000182300001500212504001800227520083700245546000601082650010401088942001201192952014401204 c25778d25778 a9781138645530 a305.260973bMEH-A aMehrotra, Chandra M.  aWagner, Lisa S.  aAging and diversityb: an active learning experience  a3rd. edition  bRoutledgec2019aNew York axvii, 579p aInclude Index aAs the older population in the United States is becoming more racially and ethnically diverse, it is important to understand the characteristics, the potential, and the needs of this population. In this new and fully revised edition of Aging and Diversity, Chandra Mehrotra and Lisa Wagner address key topics in diversity and aging, discussing how the aging experience is affected by not only race and ethnicity but also gender, religious affiliation, social class, rural-urban community location, and sexual orientation and gender identity. Taking this broad view of human diversity allows the authors to convey some of the rich complexities facing our aging population – complexities that provide both challenges to meet the needs of a diverse population of elders and opportunities to learn how to live in a pluralistic society a  aCultural pluralismvMinority older peoplevIntercultural communicationvOlder peoplezUnited States 2ddccBK 00104070aNASSDOCbNASSDOCd2019-12-27eOPg3015.38i2019-12-20l0o305.260973 MEH-Ap50636r2019-12-27 00:00:00v4130.66w2019-12-27yBK